[Event "Guernsey International Holiday"]
[Site "?"]
[Date "2018.10.23"]
[Round "3"]
[White "O'Brien, Paul W"]
[Black "Kearsley, Raymond J"]
[Result "0-1"]
[WhiteElo "1654"]
[BlackElo "1590"]
[PlyCount "94"]
[EventDate "2018.10.21"]
[EventType "swiss"]
[EventRounds "7"]

1. e4 c5 2. Nf3 g6 3. d4 cxd4 4. Nxd4 Nc6 5. Be3 Bg7 6. c4 d6 7. Nc3 Nf6 8. Be2
O-O 9. O-O Nxd4 10. Bxd4 Be6 11. Rc1 Nd7 12. Bxg7 Kxg7 13. Qd4+ Kg8 14. Nd5 Nf6
15. Nxf6+ exf6 16. Rfd1 Qa5 17. Qxf6 Qe5 18. Qxe5 dxe5 19. Rd6 Rac8 20. b3 Rfd8
21. Rxd8+ Rxd8 22. Rd1 Rc8 23. Bd3 Rc6 24. Kf1 Kf8 25. Ke2 Ke7 26. Ke3 Kd6 27.
Be2+ Kc5 28. a3 a5 29. Bd3 Rb6 30. Rb1 Kc6 31. b4 Kc7 32. b5 Rd6 33. Rc1 b6 34.
c5 bxc5 35. Rxc5+ Kb6 36. Rc3 a4 37. g3 Bd7 38. Rc2 Bxb5 39. Bxb5 Kxb5 40. Rb2+
Kc4 41. Rb4+ Kc3 42. Rb5 Rd3+ 43. Ke2 Rd2+ 44. Ke3 Ra2 45. Rxe5 Rxa3 46. Re8
Rb3 47. Ra8 a3 0-1

[Event "Guernsey International Holiday"]
[Site "?"]
[Date "2018.10.23"]
[Round "3"]
[White "Van Beek, Ronald"]
[Black "Collins, Alan"]
[Result "0-1"]
[WhiteElo "1366"]
[BlackElo "1650"]
[PlyCount "64"]
[EventDate "2018.10.21"]
[EventType "swiss"]
[EventRounds "7"]

1. d4 d6 2. e4 Nf6 3. Nc3 c6 4. Nf3 Bg4 5. Be2 e6 6. h3 Bh5 7. Bf4 Be7 8. O-O
O-O 9. Bh2 d5 10. e5 Nfd7 11. a3 c5 12. dxc5 Bxc5 13. b4 Be7 14. Nd4 Bxe2 15.
Qxe2 Nb6 16. Qd3 Nc4 17. Qe2 Nd7 18. Bf4 Rc8 19. Qg4 Ncxe5 20. Nxe6 Nxg4 21.
Nxd8 Rxc3 22. hxg4 Rxd8 23. Rfe1 Bf6 24. Rad1 g5 25. Be3 Nb6 26. f4 gxf4 27.
Bxf4 Rxa3 28. Bc7 Rc8 29. Bxb6 axb6 30. Rxd5 Rac3 31. Rd6 R3c6 32. Rd7 R8c7 0-1

[Event "Guernsey International Holiday"]
[Site "?"]
[Date "2018.10.23"]
[Round "3"]
[White "Hoogakker, Peter"]
[Black "Bennett, David"]
[Result "1/2-1/2"]
[WhiteElo "1787"]
[BlackElo "1383"]
[PlyCount "76"]
[EventDate "2018.10.21"]
[EventType "swiss"]
[EventRounds "7"]

1. e4 e5 2. Bc4 Nf6 3. d3 Be7 4. Nf3 Nc6 5. c3 O-O 6. O-O d6 7. Re1 a6 8. Bb3
Bg4 9. Nbd2 Rb8 10. Nf1 b5 11. h3 Bxf3 12. Qxf3 h6 13. Ng3 Nh7 14. Nf5 Bg5 15.
Qg3 Qf6 16. Be3 Ne7 17. Nxe7+ Qxe7 18. Bd5 Bxe3 19. Qxe3 Nf6 20. Bb3 a5 21. a3
a4 22. Ba2 c6 23. f4 exf4 24. Qxf4 Qe5 25. Qe3 Rfe8 26. Rf1 d5 27. Rae1 Rb7 28.
Rf4 Rbe7 29. Qf2 Qd6 30. Qf3 dxe4 31. dxe4 Qd2 32. Qf2 Qxf2+ 33. Rxf2 Rxe4 34.
Rd1 Re1+ 35. Rxe1 Rxe1+ 36. Kh2 Rd1 37. b4 Rc1 38. Rf3 Nd5 1/2-1/2

[Event "Guernsey International Holiday"]
[Site "?"]
[Date "2018.10.23"]
[Round "3"]
[White "Beadle, John R"]
[Black "Kershaw, Graham"]
[Result "1/2-1/2"]
[WhiteElo "1565"]
[BlackElo "1712"]
[PlyCount "47"]
[EventDate "2018.10.21"]
[EventType "swiss"]
[EventRounds "7"]

1. e4 e6 2. d4 d5 3. e5 c5 4. c3 Nc6 5. Nf3 Qb6 6. Be2 cxd4 7. cxd4 Bb4+ 8. Nc3
Bd7 9. O-O Rc8 10. Na4 Qa5 11. a3 Be7 12. Bd2 Qd8 13. Nc3 Na5 14. b3 Qb6 15. b4
Nc4 16. Bxc4 dxc4 17. Be3 Qa6 18. Nd2 b5 19. f4 Bd8 20. Nde4 Kf8 21. Nd6 Rb8
22. Nce4 Bc7 23. Rf3 Ne7 24. Rh3 1/2-1/2

[Event "Guernsey International Holiday"]
[Site "?"]
[Date "2018.10.23"]
[Round "3"]
[White "Jones, Sidney A"]
[Black "Goman, Colin"]
[Result "1/2-1/2"]
[WhiteElo "1488"]
[BlackElo "1692"]
[PlyCount "61"]
[EventDate "2018.10.21"]
[EventType "swiss"]
[EventRounds "7"]

1. d4 Nf6 2. c4 d6 3. Nc3 g6 4. Nf3 Bg7 5. e4 O-O 6. h3 c5 7. Be3 b6 8. Bd3 Bb7
9. O-O Nbd7 10. Rc1 Rc8 11. d5 a6 12. Qd2 Re8 13. Rc2 b5 14. b3 bxc4 15. bxc4
Nf8 16. Rb1 Qd7 17. Rcb2 Rc7 18. Qc2 e5 19. Na4 Nh5 20. Rb6 Qe7 21. Bg5 f6 22.
Bd2 Bc8 23. g4 Nf4 24. Bxf4 exf4 25. Qd2 g5 26. Re1 h5 27. Nh2 hxg4 28. Nxg4 f5
29. Nh2 Bd4 30. Nf3 Nd7 31. exf5 1/2-1/2

[Event "Guernsey International Holiday"]
[Site "?"]
[Date "2018.10.23"]
[Round "3"]
[White "Jongerius, Marc"]
[Black "Gibson, John"]
[Result "1/2-1/2"]
[WhiteElo "1686"]
[BlackElo "1608"]
[PlyCount "62"]
[EventDate "2018.10.21"]
[EventType "swiss"]
[EventRounds "7"]

1. e4 e6 2. d4 d5 3. exd5 exd5 4. Nf3 c5 5. Bb5+ Bd7 6. Bxd7+ Nxd7 7. Nc3 Ngf6
8. O-O Be7 9. Be3 O-O 10. dxc5 Nxc5 11. Nd4 Qd7 12. f3 a6 13. Re1 Rac8 14. Bf2
Bd6 15. Nde2 Bb8 16. Bg3 Ba7 17. Bf2 b5 18. Nd4 Rfe8 19. Qd2 Bb8 20. Rxe8+ Rxe8
21. Nde2 Ne6 22. Rd1 Rd8 23. Nd4 Nf4 24. Nce2 Ng6 25. Bg3 Ba7 26. Bf2 Ne7 27.
c3 Nf5 28. Re1 Bb8 29. Ng3 Nxg3 30. Bxg3 Ba7 31. Kf1 Bxd4 1/2-1/2

[Event "Guernsey International Holiday"]
[Site "?"]
[Date "2018.10.23"]
[Round "3"]
[White "Finch, Russell"]
[Black "Remie, Peter"]
[Result "1/2-1/2"]
[WhiteElo "1622"]
[BlackElo "1714"]
[PlyCount "43"]
[EventDate "2018.10.21"]
[EventType "swiss"]
[EventRounds "7"]

1. Nf3 d5 2. g3 Nf6 3. Bg2 Bf5 4. d3 e6 5. O-O Be7 6. Nbd2 O-O 7. Qe1 Bg6 8. e4
dxe4 9. dxe4 c6 10. Ne5 Nbd7 11. Nxg6 hxg6 12. e5 Ng4 13. Nf3 Qc7 14. Bf4 g5
15. Bxg5 Bxg5 16. Nxg5 Qxe5 17. Qxe5 Ndxe5 18. Rfd1 Rad8 19. b3 Nf6 20. Ne4
Nxe4 21. Bxe4 Ng4 22. Bf3 1/2-1/2

[Event "Guernsey International Holiday"]
[Site "?"]
[Date "2018.10.24"]
[Round "4"]
[White "Haisma, Henk"]
[Black "Strade, Arita"]
[Result "1/2-1/2"]
[WhiteElo "1787"]
[BlackElo "1846"]
[PlyCount "91"]
[EventDate "2018.10.21"]
[EventType "swiss"]
[EventRounds "7"]

1. b4 d5 2. Bb2 Bf5 3. Nf3 e6 4. e3 Nf6 5. a3 c5 6. bxc5 Bxc5 7. d3 Nbd7 8.
Nbd2 Rc8 9. Nb3 Bd6 10. Be2 Nb6 11. a4 Bb4+ 12. Nbd2 a5 13. Nd4 O-O 14. O-O Bg6
15. Nb5 Re8 16. Nf3 Nfd7 17. Ne5 Nxe5 18. Bxe5 f6 19. Bb2 e5 20. c3 Bf8 21. Bh5
Bxh5 22. Qxh5 Qd7 23. Qd1 Rc6 24. Qb3 Kh8 25. Rfd1 Qg4 26. Na7 Rce6 27. Nb5 f5
28. f3 Qg5 29. Bc1 Rg6 30. Ra2 Qh5 31. Rf1 Qh4 32. Kh1 Rc6 33. g3 Qf6 34. f4
Rec8 35. Bd2 Ra8 36. fxe5 Qxe5 37. Nd4 Rf6 38. Nf3 Qe8 39. Nd4 Qh5 40. Rf4 g5
41. g4 Qh3 42. Rf3 Qxg4 43. Rg3 Qh5 44. c4 dxc4 45. dxc4 Bb4 46. Bxb4 1/2-1/2

[Event "Guernsey International Holiday"]
[Site "?"]
[Date "2018.10.24"]
[Round "4"]
[White "O'Connell, Denis"]
[Black "Hall, Alan"]
[Result "1/2-1/2"]
[WhiteElo "1783"]
[BlackElo "1731"]
[PlyCount "35"]
[EventDate "2018.10.21"]
[EventType "swiss"]
[EventRounds "7"]

1. e4 e5 2. d4 exd4 3. c3 dxc3 4. Bc4 Nc6 5. Nf3 d6 6. Nxc3 Be7 7. Qb3 Na5 8.
Bxf7+ Kf8 9. Qa4 Kxf7 10. Qxa5 Nf6 11. O-O Rf8 12. e5 dxe5 13. Nxe5+ Kg8 14.
Rd1 Bd6 15. Bg5 Qe7 16. Re1 Bxe5 17. Rxe5 Qf7 18. Bxf6 1/2-1/2

[Event "Guernsey International Holiday"]
[Site "?"]
[Date "2018.10.24"]
[Round "4"]
[White "Collins, Alan"]
[Black "Baart, Edwin"]
[Result "1-0"]
[WhiteElo "1650"]
[BlackElo "1774"]
[PlyCount "45"]
[EventDate "2018.10.21"]
[EventType "swiss"]
[EventRounds "7"]

1. f4 d5 2. Nf3 Nf6 3. d3 g6 4. g3 Bg7 5. Bg2 O-O 6. O-O c6 7. c3 Qb6+ 8. Kh1
Bg4 9. Na3 Bxf3 10. Bxf3 Nbd7 11. Nc2 e6 12. Qe1 Rfe8 13. Rb1 a5 14. Be3 Qc7
15. Bg1 Rab8 16. b4 axb4 17. cxb4 e5 18. fxe5 Nxe5 19. Qd2 Nxf3 20. Rxf3 Re6
21. Rbf1 Ng4 22. Rxf7 Qe5 23. Bd4 1-0

[Event "Guernsey International Holiday"]
[Site "?"]
[Date "2018.10.24"]
[Round "4"]
[White "Heesen, Jos"]
[Black "Colsen, Manuel"]
[Result "1-0"]
[WhiteElo "1760"]
[BlackElo "1628"]
[PlyCount "81"]
[EventDate "2018.10.21"]
[EventType "swiss"]
[EventRounds "7"]

1. Nc3 c6 2. e4 d5 3. Nf3 dxe4 4. Nxe4 Bg4 5. h3 Bxf3 6. Qxf3 e6 7. Bc4 Nd7 8.
Bb3 Ngf6 9. d4 Nxe4 10. Qxe4 Nf6 11. Qd3 Be7 12. O-O O-O 13. Be3 Qc7 14. c3
Rad8 15. Bc2 g6 16. Bh6 Rfe8 17. Qf3 Nd5 18. a3 Bf8 19. Be3 Nxe3 20. fxe3 Bg7
21. Rae1 Re7 22. Re2 a5 23. h4 b5 24. g4 c5 25. g5 Rdd7 26. h5 Qc8 27. hxg6
fxg6 28. Qh3 Rd5 29. Rg2 Qc7 30. Rf4 Bh8 31. Rh4 Rg7 32. Qxe6+ Qf7 33. Qc8+ Qf8
34. Qc6 Qd8 35. Qe6+ Rf7 36. Rxh7 Bg7 37. Rxg7+ Kxg7 38. Qxg6+ Kf8 39. Qh6+ Ke7
40. g6 Rf6 41. Qh7+ 1-0

[Event "Guernsey International Holiday"]
[Site "?"]
[Date "2018.10.24"]
[Round "4"]
[White "Kirk, Matthew"]
[Black "Brown, Geoffrey D"]
[Result "0-1"]
[WhiteElo "1732"]
[BlackElo "1612"]
[PlyCount "48"]
[EventDate "2018.10.21"]
[EventType "swiss"]
[EventRounds "7"]

1. d4 e6 2. c4 f5 3. Nf3 Nf6 4. Nc3 Be7 5. h3 O-O 6. Bf4 d6 7. e3 a5 8. Be2 Qe8
9. O-O Bd8 10. Nb5 Nbd7 11. Bh2 e5 12. dxe5 dxe5 13. Rc1 Kh8 14. Qc2 Ne4 15.
Bd3 c6 16. Bxe4 fxe4 17. Nd6 Qg6 18. Nxc8 Rxf3 19. Kh1 Rf7 20. Nd6 Qxd6 21.
Rcd1 Qg6 22. c5 Bc7 23. Qb3 Nxc5 24. Qc4 Nd3 0-1

[Event "Guernsey International Holiday"]
[Site "?"]
[Date "2018.10.24"]
[Round "4"]
[White "Glover, John"]
[Black "Nalichowski, Bogdan"]
[Result "0-1"]
[WhiteElo "1717"]
[BlackElo "1378"]
[PlyCount "36"]
[EventDate "2018.10.21"]
[EventType "swiss"]
[EventRounds "7"]

1. Nf3 Nc6 2. d4 d5 3. g3 Bf5 4. c3 e6 5. Bg2 Bd6 6. Nbd2 h6 7. O-O b5 8. a3
Nf6 9. Ne1 O-O 10. f4 Ng4 11. Ndf3 Na5 12. h3 Nf6 13. Nd3 Nh5 14. Qe1 Be4 15.
Qf2 Nc4 16. b3 Na5 17. Nd2 f5 18. Bxe4 fxe4 {... Remaining moves unreadable -
0-1, 60.} 0-1

[Event "Guernsey International Holiday"]
[Site "?"]
[Date "2018.10.24"]
[Round "4"]
[White "Bateman, Kerry"]
[Black "Harnden, Terry"]
[Result "1-0"]
[WhiteElo "1710"]
[BlackElo "1428"]
[PlyCount "65"]
[EventDate "2018.10.21"]
[EventType "swiss"]
[EventRounds "7"]

1. e4 c5 2. Nc3 d6 3. f4 Nc6 4. Bc4 e6 5. Nf3 g6 6. a4 a6 7. O-O Bg7 8. Ne2 Nf6
9. Ng3 O-O 10. Ba2 b5 11. c3 b4 12. Qc2 Qb6 13. Kh1 a5 14. d4 Ba6 15. Rd1 c4
16. Qe2 b3 17. Bb1 d5 18. e5 Nd7 19. f5 exf5 20. Nxf5 gxf5 21. Bxf5 Ra7 22. Ng5
h6 23. Qh5 Nd8 24. Nh7 Re8 25. e6 Nxe6 26. Bxh6 Bxh6 27. Qxh6 Ng7 28. Qh3 Re7
29. Bxd7 Raxd7 30. Re1 Rxe1+ 31. Rxe1 Rd8 32. Qh4 Qd6 33. Nf6+ 1-0

[Event "Guernsey International Holiday"]
[Site "?"]
[Date "2018.10.24"]
[Round "4"]
[White "Kearsley, Raymond J"]
[Black "Rowe, Oliver"]
[Result "1-0"]
[WhiteElo "1590"]
[BlackElo "1553"]
[PlyCount "63"]
[EventDate "2018.10.21"]
[EventType "swiss"]
[EventRounds "7"]

1. e4 d5 2. exd5 Qxd5 3. Nc3 Qd6 4. d4 Nf6 5. Nf3 c6 6. Be2 Bf5 7. O-O e6 8.
Ne5 Nbd7 9. f4 h6 10. Bf3 Be7 11. Be3 Nd5 12. Nxd5 cxd5 13. Qe2 Qc7 14. Rac1
Nb6 15. c4 dxc4 16. Nxc4 Nxc4 17. Rxc4 Qd7 18. Rfc1 Bd6 19. d5 O-O 20. Qd2 g6
21. dxe6 Qxe6 22. Bxb7 Rae8 23. Bd4 g5 24. fxg5 Rb8 25. Bf3 Bxh2+ 26. Kxh2 Qd6+
27. Kh1 Rfd8 28. gxh6 Kh7 29. Qg5 Qxh6+ 30. Qxh6+ Kxh6 31. Rc6+ Be6 32. Bc3 1-0

[Event "Guernsey International Holiday"]
[Site "?"]
[Date "2018.10.24"]
[Round "4"]
[White "Van Hoek, Wim"]
[Black "Shek, Daniel"]
[Result "1-0"]
[WhiteElo "1882"]
[BlackElo "1304"]
[PlyCount "94"]
[EventDate "2018.10.21"]
[EventType "swiss"]
[EventRounds "7"]

1. e4 c5 2. Nf3 Nc6 3. c3 Nf6 4. e5 Nd5 5. Na3 g6 6. d4 cxd4 7. cxd4 Bg7 8. Bc4
Nb6 9. Be2 O-O 10. O-O d6 11. exd6 exd6 12. Bf4 Qf6 13. Bg5 Qe6 14. Nb5 Qd7 15.
Bf4 Nd5 16. Bxd6 Re8 17. Bg3 a6 18. Nd6 Re6 19. Nxc8 Rxc8 20. Ng5 Re7 21. Nxf7
Nxd4 22. Bg4 Ne6 23. Ng5 Bxb2 24. Rb1 Bf6 25. Nxe6 Rxe6 26. Bxe6+ Qxe6 27. Rxb7
Re8 28. Qb3 Be5 29. Bxe5 Qxe5 30. g3 h6 31. Rd1 Rd8 32. Qf3 Qe6 33. Qd3 Qc6 34.
Qb3 g5 35. Rb6 Qd7 36. Rxa6 h5 37. Rg6+ Kf7 38. Rxg5 Ke6 39. Kg2 h4 40. Qxd5+
Qxd5+ 41. Rgxd5 Rxd5 42. Rxd5 Kxd5 43. gxh4 Kc4 44. h5 Kc3 45. h6 Kb2 46. h7
Kxa2 47. h8=Q Ka3 1-0

[Event "Guernsey International Holiday"]
[Site "?"]
[Date "2018.10.24"]
[Round "4"]
[White "Huba, Mark J"]
[Black "Hoogakker, Peter"]
[Result "0-1"]
[WhiteElo "1556"]
[BlackElo "1787"]
[PlyCount "88"]
[EventDate "2018.10.21"]
[EventType "swiss"]
[EventRounds "7"]

1. Nf3 Nf6 2. g3 d5 3. Bg2 c6 4. O-O Nbd7 5. d3 e5 6. Nbd2 Bc5 7. e4 O-O 8. c3
Bb6 9. Qe2 Re8 10. c4 Qe7 11. b3 Nf8 12. Bb2 d4 13. Nh4 Be6 14. Nf5 Qd7 15. Nh4
Bc5 16. Bc1 a5 17. a3 Rec8 18. Rd1 b5 19. Nf1 bxc4 20. bxc4 h6 21. Nf3 Ng6 22.
h4 Qd6 23. N1h2 Rcb8 24. h5 Nxh5 25. Ng5 Nxg3 26. fxg3 hxg5 27. Qh5 a4 28. Bxg5
Rb2 29. Bh3 Bxh3 30. Qxh3 Bxa3 31. Qf5 Bc5 32. Rf1 Qe6 33. Qf3 a3 34. Ng4 Rab8
35. Nf2 R2b3 36. Kg2 f6 37. Bd2 Kf7 38. Rh1 Rh8 39. Rxh8 Nxh8 40. Qh5+ Ng6 41.
Rh1 Rb8 42. Qd1 Qd7 43. Ng4 a2 44. Qc2 Qxg4 0-1

[Event "Guernsey International Holiday"]
[Site "?"]
[Date "2018.10.24"]
[Round "4"]
[White "Remie, Peter"]
[Black "Gibson, John"]
[Result "0-1"]
[WhiteElo "1714"]
[BlackElo "1608"]
[PlyCount "116"]
[EventDate "2018.10.21"]
[EventType "swiss"]
[EventRounds "7"]

1. d4 e6 2. Nf3 f5 3. b3 Nf6 4. Bb2 d6 5. e3 Be7 6. Be2 O-O 7. c4 Qe8 8. Nc3
Nbd7 9. Qc2 g6 10. h4 Bd8 11. Ng5 h6 12. Nf3 e5 13. d5 Nc5 14. Nd2 e4 15. b4
Ncd7 16. O-O-O Ne5 17. Rde1 a5 18. a3 axb4 19. axb4 Bd7 20. f3 c6 21. fxe4 fxe4
22. Ndxe4 Nxe4 23. Nxe4 Bf5 24. Nxd6 Bxc2 25. Nxe8 Rxe8 26. Kxc2 cxd5 27. cxd5
Rc8+ 28. Kb3 Nf7 29. Bd3 Ne5 30. Bxe5 Rxe5 31. e4 Bf6 32. Rc1 Ree8 33. g3 Be5
34. g4 Kg7 35. h5 g5 36. Rc4 Bf4 37. Ra1 Ra8 38. Rxa8 Rxa8 39. Rc2 Kf7 40. Kc4
Ke7 41. Kb5 Kd7 42. Kb6 Rb8 43. Bb5+ Kd8 44. Re2 Be5 45. Re1 Bd4+ 46. Ka5 Ra8+
47. Ba6 Rxa6+ 48. Kb5 Be5 49. Rf1 Bf4 50. e5 Ke7 51. d6+ Ke6 52. Rd1 Ra8 53.
Kb6 Rd8 54. d7 Bxe5 55. Kxb7 Rxd7+ 56. Rxd7 Kxd7 57. b5 Ke6 58. Kc6 Bd4 0-1

[Event "Guernsey International Holiday"]
[Site "?"]
[Date "2018.10.24"]
[Round "4"]
[White "Goman, Colin"]
[Black "Beadle, John R"]
[Result "1/2-1/2"]
[WhiteElo "1692"]
[BlackElo "1565"]
[PlyCount "23"]
[EventDate "2018.10.21"]
[EventType "swiss"]
[EventRounds "7"]

1. e4 c5 2. Bc4 Nc6 3. Qh5 e6 4. c3 Nf6 5. Qe2 d5 6. exd5 Nxd5 7. d3 Be7 8.
Bxd5 Qxd5 9. Qe4 O-O 10. Ne2 Rd8 11. Nf4 Qxe4+ 12. dxe4 1/2-1/2

[Event "Guernsey International Holiday"]
[Site "?"]
[Date "2018.10.24"]
[Round "4"]
[White "Foran, Barry"]
[Black "Jones, Sidney A"]
[Result "0-1"]
[WhiteElo "1688"]
[BlackElo "1488"]
[PlyCount "73"]
[EventDate "2018.10.21"]
[EventType "swiss"]
[EventRounds "7"]

1. d4 d5 2. Nf3 Nf6 3. e3 e6 4. Bd3 c5 5. b3 cxd4 6. exd4 Nc6 7. O-O Be7 8. Bb2
O-O 9. a3 a6 10. Nbd2 b5 11. Ne5 Nxe5 12. dxe5 Nd7 13. f4 Bc5+ 14. Kh1 Qh4 15.
Rf3 f5 16. exf6 Nxf6 17. Qe1 Qxe1+ 18. Rxe1 Bd7 19. Nf1 Ng4 20. Re2 d4 21. h3
Nf6 22. Ng3 Nd5 23. Bc1 Rae8 24. Ne4 Be7 25. Bb2 Nxf4 26. Ref2 e5 27. Rd2 Nxd3
28. cxd3 Rxf3 29. gxf3 Bxh3 30. f4 exf4 31. Bxd4 f3 32. Rh2 Bg4 33. Nf2 h5 34.
Nxg4 hxg4 35. Rh5 Bf6 36. Bb6 Re1+ 37. Kh2 0-1

[Event "Guernsey International Holiday"]
[Site "?"]
[Date "2018.10.24"]
[Round "4"]
[White "Bennett, David"]
[Black "Jongerius, Marc"]
[Result "0-1"]
[WhiteElo "1383"]
[BlackElo "1686"]
[PlyCount "75"]
[EventDate "2018.10.21"]
[EventType "swiss"]
[EventRounds "7"]

1. Nf3 g6 2. d4 Nf6 3. Bf4 Bg7 4. Nbd2 c5 5. e3 d6 6. Be2 O-O 7. O-O Nc6 8. c3
cxd4 9. cxd4 Bf5 10. Rc1 Qa5 11. a3 Rac8 12. Nb3 Qb6 13. Nfd2 Na5 14. Nxa5 Qxa5
15. Nc4 Qd8 16. Bf3 Be4 17. Nd2 Bxf3 18. Nxf3 Ne4 19. Qd3 Nf6 20. h3 Qd7 21. e4
e5 22. Bg5 exd4 23. Nxd4 Rfe8 24. Bxf6 Bxf6 25. b4 a6 26. Rb1 b5 27. Rfd1 Rc4
28. Nf3 Rcxe4 29. Qxd6 Re1+ 30. Kh2 Be5+ 31. Nxe5 Qxd6 32. Rxd6 Rxb1 33. Ng4
Re6 34. Rd8+ Kg7 35. Rd3 Rb2 36. Rg3 h5 37. Ne3 Rxf2 38. Rg5 0-1

[Event "Guernsey International Holiday"]
[Site "?"]
[Date "2018.10.24"]
[Round "4"]
[White "O'Brien, Paul W"]
[Black "Maurus, Mickey"]
[Result "1-0"]
[WhiteElo "1654"]
[BlackElo "1435"]
[PlyCount "109"]
[EventDate "2018.10.21"]
[EventType "swiss"]
[EventRounds "7"]

1. e4 c6 2. d4 d5 3. Nd2 dxe4 4. Nxe4 Bf5 5. Ng3 Bg6 6. h4 h6 7. Nf3 Nd7 8. h5
Bh7 9. Bd3 Bxd3 10. Qxd3 Ngf6 11. Bd2 e6 12. O-O-O Be7 13. Kb1 c5 14. Ne4 Nxe4
15. Qxe4 Qb6 16. d5 exd5 17. Qxd5 Nf6 18. Qe5 Rd8 19. Bf4 Rxd1+ 20. Rxd1 Nd7
21. Qe2 Qf6 22. Re1 Nb6 23. Be5 Qe6 24. Bxg7 Qxe2 25. Rxe2 Rg8 26. Bf6 Nd5 27.
Bxe7 Nxe7 28. g3 Kd7 29. Ne5+ Ke8 30. g4 f6 31. Ng6 Rg7 32. Nxe7 Rxe7 33. Rxe7+
Kxe7 34. Kc1 Ke6 35. Kd2 Ke5 36. Ke3 f5 37. f4+ Ke6 38. g5 hxg5 39. fxg5 b6 40.
c4 a6 41. a4 a5 42. Kf4 Kf7 43. Kxf5 Kg7 44. h6+ Kh7 45. Kf6 Kg8 46. g6 Kh8 47.
g7+ Kg8 48. h7+ Kxh7 49. Kf7 Kh6 50. g8=Q Kh5 51. Kf6 Kh4 52. Kf5 Kh3 53. Kf4
Kh2 54. Kf3 Kh1 55. Qg2# 1-0

[Event "Guernsey International Holiday"]
[Site "?"]
[Date "2018.10.24"]
[Round "4"]
[White "Van Beek, Ronald"]
[Black "Bakkes, Frits"]
[Result "0-1"]
[WhiteElo "1366"]
[BlackElo "1650"]
[PlyCount "56"]
[EventDate "2018.10.21"]
[EventType "swiss"]
[EventRounds "7"]

1. d4 d5 2. Nf3 e6 3. Bf4 Nf6 4. e3 c5 5. c4 cxd4 6. exd4 Bb4+ 7. Bd2 Qa5 8. a3
Bxd2+ 9. Qxd2 Qxd2+ 10. Nbxd2 dxc4 11. Bxc4 O-O 12. O-O b6 13. Rfe1 Rd8 14. b4
Bb7 15. h3 Nc6 16. Nb3 Ne7 17. Re3 Rac8 18. Rc3 b5 19. Na5 Bxf3 20. Rxf3 bxc4
21. Rc3 Rxd4 22. Rac1 Nfd5 23. Rxc4 Rcxc4 24. Rxc4 Rxc4 25. Nxc4 Nb6 26. Ne5 f6
27. Ng4 Ned5 28. g3 h5 0-1

[Event "Guernsey International Holiday"]
[Site "?"]
[Date "2018.10.24"]
[Round "4"]
[White "Turner, David J"]
[Black "Foster, Paul"]
[Result "1/2-1/2"]
[WhiteElo "1763"]
[BlackElo "1540"]
[PlyCount "75"]
[EventDate "2018.10.21"]
[EventType "swiss"]
[EventRounds "7"]

1. Nf3 Nf6 2. d3 d5 3. Nbd2 Nc6 4. a3 a5 5. g3 e5 6. e4 dxe4 7. dxe4 Bc5 8. h3
O-O 9. Bg2 h6 10. O-O Be6 11. Qe2 Qd7 12. Kh2 Rad8 13. Re1 g5 14. Ng1 Nd4 15.
Qd1 g4 16. Rf1 Qc8 17. c3 Nb3 18. Rb1 Rd3 19. Qc2 Nxc1 20. b4 Ba7 21. Rbxc1
Rfd8 22. Nb1 gxh3 23. Nxh3 Ng4+ 24. Kh1 Ne3 25. fxe3 Bxh3 26. Qf2 Qe6 27. Rce1
Bg4 28. Bf3 Bxf3+ 29. Qxf3 Qg6 30. Rf2 R8d7 31. Kg2 Qg5 32. Rfe2 R7d6 33. Rf2
Qg6 34. Ref1 Rd7 35. Re1 h5 36. Rff1 R7d6 37. Re2 Rd7 38. Rh1 1/2-1/2

[Event "Guernsey International Holiday"]
[Site "?"]
[Date "2018.10.25"]
[Round "5"]
[White "Strade, Arita"]
[Black "O'Connell, Denis"]
[Result "1-0"]
[WhiteElo "1846"]
[BlackElo "1783"]
[PlyCount "105"]
[EventDate "2018.10.21"]
[EventType "swiss"]
[EventRounds "7"]

1. e4 d5 2. exd5 Nf6 3. Be2 Nxd5 4. d4 g6 5. c4 Nf6 6. Nf3 Bg7 7. Nc3 O-O 8.
O-O c6 9. h3 e6 10. Bg5 Qa5 11. Qc2 Nbd7 12. Bd2 Qc7 13. Rfe1 b6 14. Bd3 Re8
15. Ne5 Nxe5 16. dxe5 Nd7 17. f4 Nc5 18. Be2 a5 19. Be3 Bf8 20. Rad1 Bb7 21. a3
Red8 22. Kh2 Rxd1 23. Rxd1 Rd8 24. Rg1 Nd7 25. Ne4 Nxe5 26. fxe5 Qxe5+ 27. g3
f5 28. Bxb6 Rd7 29. Nf2 f4 30. Qe4 fxg3+ 31. Rxg3 Bd6 32. Qxe5 Bxe5 33. Bxa5
Bxg3+ 34. Kxg3 c5 35. Nd3 Bc8 36. Nxc5 Rd4 37. Bc3 Rd6 38. b4 Kf7 39. b5 e5 40.
Bxe5 Rd2 41. Bf3 Be6 42. Nxe6 Kxe6 43. Bf4 Rb2 44. a4 Rb4 45. Bd5+ Kd7 46. a5
Rb3+ 47. Kh4 Rb4 48. a6 Ra4 49. Kg5 Ra3 50. b6 Rxa6 51. b7 h6+ 52. Kxh6 g5+ 53.
Kxg5 1-0

[Event "Guernsey International Holiday"]
[Site "?"]
[Date "2018.10.25"]
[Round "5"]
[White "Haisma, Henk"]
[Black "Dennis, Nigel W"]
[Result "1/2-1/2"]
[WhiteElo "1787"]
[BlackElo "1801"]
[PlyCount "33"]
[EventDate "2018.10.21"]
[EventType "swiss"]
[EventRounds "7"]

1. b4 d5 2. Bb2 Nf6 3. a3 e6 4. e3 Be7 5. Nf3 O-O 6. c4 c6 7. Be2 Nbd7 8. O-O
dxc4 9. Bxc4 b6 10. d4 Bb7 11. Qe2 c5 12. dxc5 bxc5 13. b5 Qc7 14. Nbd2 Bd6 15.
e4 Ng4 16. h3 Nge5 17. a4 1/2-1/2

[Event "Guernsey International Holiday"]
[Site "?"]
[Date "2018.10.25"]
[Round "5"]
[White "Brown, Geoffrey D"]
[Black "Heesen, Jos"]
[Result "1-0"]
[WhiteElo "1612"]
[BlackElo "1760"]
[PlyCount "63"]
[EventDate "2018.10.21"]
[EventType "swiss"]
[EventRounds "7"]

1. e4 e6 2. Nf3 d5 3. e5 c5 4. b4 Nd7 5. bxc5 Bxc5 6. d4 Be7 7. Bd3 f6 8. O-O
fxe5 9. dxe5 Nc5 10. Be2 Bd7 11. Na3 a6 12. c4 Bc6 13. Qd4 Ne4 14. cxd5 Bxd5
15. Re1 Bc5 16. Qa4+ b5 17. Nxb5 axb5 18. Bxb5+ Kf8 19. Qc2 Qb6 20. a4 Nxf2 21.
Rf1 Ne7 22. Rxf2 Nf5 23. Ba3 Bxa3 24. Rxa3 Ke7 25. Rc3 Ra7 26. Qc1 h6 27. g4
Bxf3 28. Rcxf3 Nd4 29. Qa3+ Kd8 30. Rf8+ Rxf8 31. Qxf8+ Kc7 32. Rf7# 1-0

[Event "Guernsey International Holiday"]
[Site "?"]
[Date "2018.10.25"]
[Round "5"]
[White "Hall, Alan"]
[Black "Kearsley, Raymond J"]
[Result "1-0"]
[WhiteElo "1731"]
[BlackElo "1590"]
[PlyCount "71"]
[EventDate "2018.10.21"]
[EventType "swiss"]
[EventRounds "7"]

1. d4 d5 2. Nf3 Bf5 3. c4 e6 4. Nc3 Nf6 5. e3 Nbd7 6. Be2 c6 7. Nh4 Bg6 8. Nxg6
hxg6 9. c5 e5 10. Bd2 e4 11. Qc2 Be7 12. O-O-O O-O 13. f3 exf3 14. gxf3 b6 15.
Na4 b5 16. Nc3 a5 17. Rdg1 Nb8 18. Rg3 Na6 19. Rhg1 Qc7 20. f4 b4 21. Na4 Ne4
22. R3g2 Rfe8 23. f5 g5 24. h4 f6 25. Bd3 Nxd2 26. Qxd2 Bd8 27. Qe2 Nb8 28. Rg4
Qf7 29. e4 Nd7 30. b3 Ra7 31. Qh2 Bc7 32. Qh3 Bf4+ 33. Kc2 Qh5 34. Qg2 dxe4 35.
Bc4+ Kf8 36. Rxf4 1-0